|
|
|
|
| LEADER |
00806nab a2200217 i 4500 |
| 001 |
publ33246 |
| 005 |
20250523123842.0 |
| 008 |
250523s1983 hu o 000 ger d |
| 022 |
|
|
|a 0044-4197; 1438-9762
|
| 024 |
7 |
|
|a 1474203
|2 mtmt
|
| 040 |
|
|
|a SZTE Publicatio Repozitórium
|b hun
|
| 041 |
|
|
|a ger
|
| 100 |
1 |
|
|a Apró G.
|
| 245 |
1 |
0 |
|a Behandlung der durch Corpus-luteum-Insuffizienz bedingten funktionellen Sterilität mit Clomiphen [Treatment of luteal insufficiency with clomiphene citrate]
|h [elektronikus dokumentum] /
|c Apró G.
|
| 260 |
|
|
|c 1983
|
| 300 |
|
|
|a 687-692
|
| 490 |
0 |
|
|a ZENTRALBLATT FÜR GYNAKOLOGIE
|v 105 No. 11
|
| 650 |
|
4 |
|a Klinikai orvostan
|
| 700 |
0 |
1 |
|a Daru József
|e aut
|
| 700 |
0 |
1 |
|a Sas M.
|e aut
|
| 856 |
4 |
0 |
|u http://publicatio.bibl.u-szeged.hu/33246/1/aok_klny_14_83.pdf
|z Dokumentum-elérés
|